000 00302nam a22001337a 4500
020 _a9780333925461
082 _a690.0223
_bSHA/PR
100 _aShah,M.G
_9671
100 _aKale,C.M
_9672
245 _aPrinciples of Buiding Drawing
260 _aDelhi
_bMacmillan
_c2011
300 _a139
942 _cBK
999 _c14416
_d14416